000 01038cam a22002531i 4500
003 SA-RiAUC
005 20260315135838.0
008 260113s1947 ua g 00000 ara c
040 _aSD-KhNU
_bara
_cSA-RiAUC
_erda
082 0 4 _a251.8
090 _aم ن 251.8
_bا ب و س
100 1 _aأبو سنة، أحمد فهمي،
_d1909-2003
_eمؤلف.
245 1 2 _aالعرف والعادة في رأي الفقهاء :
_bعرض نظرية في التشريع الإسلامي /
_cأحمد فهمي أبو سنة.
264 1 _a[مكان النشر غير محدد] :
_b[الناشر غير محدد]،
_c1947
264 3 _aالقاهرة :
_bمطبعة الأزهر
300 _a206 صفحة؛
_c29 سم.
336 _aنص
_btxt
_2rdacontent
_3كتاب
337 _aبدون وسيط
_bn
_2rdamedia
338 _aمجلد
_bnc
_2rdacarrier
650 7 _aالعرف (فقه إسلامي)
_2aucsh
650 7 _aأصول الفقه الإسلامي
_2aucsh
942 _2ddc
_cRBOOK COPY
_n0
949 _aSA-JeALM
_d260113
_umohamedma123
_n1
999 _c14602
_d14602